[Event "Wch Seniors 13th"]
[Site "Bad Zwischenahn"]
[Date "2003.??.??"]
[Round "?"]
[White "Viner, Phillip John"]
[Black "Krawinkel, Hans Werner"]
[Result "1-0"]
[WhiteElo "2125"]
[BlackElo "1755"]
[PlyCount "99"]
[EventDate "2003.11.16"]
[EventType "swiss"]
[EventRounds "11"]
[EventCountry "GER"]
[SourceTitle "CBM 097 Extra"]
[Source "ChessBase"]
[SourceDate "2004.01.13"]
[SourceVersion "1"]
[SourceVersionDate "2004.01.13"]
[SourceQuality "1"]

1. Nf3 d5 2. b3 Nf6 3. Bb2 Nbd7 4. e3 e6 5. c4 c6 6. Be2 Be7 7. 0-0 0-0 8. d3 Qc7 9. Nc3 e5 10. cxd5 Nxd5 11. Nxd5 cxd5 12. Rc1 Qd6 13. Qc2 Qe6 14. h3 f5 15. d4 e4 16. Ne5 Nxe5 17. dxe5 Bd7 18. Qd2 Bc6 19. Rfd1 Qg6 20. a4 a6 21. Ra1 Rad8 22. Bd4 Rfe8 23. Rdc1 Rc8 24. f4 Bh4 25. b4 b5 26. axb5 Bxb5 27. Bxb5 axb5 28. Rxc8 Rxc8 29. Ra7 Qe6 30. Bc5 h6 31. Kh2 Bd8 32. Qa2 Qc6 33. Ra6 Qb7 34. Rd6 Ra8 35. Qxd5+ Qxd5 36. Rxd5 Bc7 37. Rd7 Rc8 38. g3 h5 39. h4 g6 40. e6 Bb8 41. e7 Re8 42. Rb7 Kf7 43. Rxb5 Rc8 44. Rb7 Ke8 45. Kg2 Bc7 46. Kf2 Kd7 47. Bb6 Ra8 48. Rxc7+ Ke8 49. Bc5 Ra2+ 50. Kg1 1-0